<?xml version="1.0" encoding="UTF-8"?>
<record
    xmlns:xsi="http://www.w3.org/2001/XMLSchema-instance"
    xsi:schemaLocation="http://www.loc.gov/MARC21/slim http://www.loc.gov/standards/marcxml/schema/MARC21slim.xsd"
    xmlns="http://www.loc.gov/MARC21/slim">

  <leader>04132cam a2200457 a 4500</leader>
  <controlfield tag="001">991106498451606196</controlfield>
  <controlfield tag="005">20260310145757.0</controlfield>
  <controlfield tag="008">041015s2005    enka     b    001 0 eng  </controlfield>
  <datafield tag="010" ind1=" " ind2=" ">
    <subfield code="a">2004024600</subfield>
  </datafield>
  <datafield tag="015" ind1=" " ind2=" ">
    <subfield code="a">GBA518277</subfield>
    <subfield code="2">bnb</subfield>
  </datafield>
  <datafield tag="016" ind1="7" ind2=" ">
    <subfield code="a">013124472</subfield>
    <subfield code="2">Uk</subfield>
  </datafield>
  <datafield tag="020" ind1=" " ind2=" ">
    <subfield code="a">0415339170</subfield>
    <subfield code="q">(hard cover)</subfield>
  </datafield>
  <datafield tag="020" ind1=" " ind2=" ">
    <subfield code="a">9780415339179</subfield>
    <subfield code="q">(hard cover)</subfield>
  </datafield>
  <datafield tag="020" ind1=" " ind2=" ">
    <subfield code="a">0415339189</subfield>
    <subfield code="q">(soft cover)</subfield>
  </datafield>
  <datafield tag="020" ind1=" " ind2=" ">
    <subfield code="a">9780415339186</subfield>
    <subfield code="q">(soft cover)</subfield>
  </datafield>
  <datafield tag="020" ind1=" " ind2=" ">
    <subfield code="a">9780203970164</subfield>
  </datafield>
  <datafield tag="020" ind1=" " ind2=" ">
    <subfield code="a">0203970160</subfield>
  </datafield>
  <datafield tag="035" ind1=" " ind2=" ">
    <subfield code="a">(UTL)13450320-01utoronto_inst</subfield>
  </datafield>
  <datafield tag="035" ind1=" " ind2=" ">
    <subfield code="a">(SIRSI)13450320</subfield>
  </datafield>
  <datafield tag="035" ind1=" " ind2=" ">
    <subfield code="a">(OCoLC)56778103</subfield>
  </datafield>
  <datafield tag="035" ind1=" " ind2=" ">
    <subfield code="a">(OCoLC)503058399</subfield>
  </datafield>
  <datafield tag="035" ind1=" " ind2=" ">
    <subfield code="a">(OCoLC)58053871</subfield>
  </datafield>
  <datafield tag="040" ind1=" " ind2=" ">
    <subfield code="a">DLC</subfield>
    <subfield code="b">eng</subfield>
    <subfield code="c">DLC</subfield>
    <subfield code="d">UKM</subfield>
    <subfield code="d">BWKUK</subfield>
    <subfield code="d">BAKER</subfield>
    <subfield code="d">NLGGC</subfield>
    <subfield code="d">YDXCP</subfield>
    <subfield code="d">BTCTA</subfield>
    <subfield code="d">MUQ</subfield>
    <subfield code="d">TEX</subfield>
    <subfield code="d">DEBBG</subfield>
    <subfield code="d">EUM</subfield>
    <subfield code="d">DEBSZ</subfield>
    <subfield code="d">OCLCF</subfield>
    <subfield code="d">OCLCQ</subfield>
    <subfield code="d">CSJ</subfield>
    <subfield code="d">OCLCQ</subfield>
    <subfield code="d">CEF</subfield>
    <subfield code="d">TKN</subfield>
    <subfield code="d">CRU</subfield>
    <subfield code="d">FQG</subfield>
    <subfield code="d">OCLCQ</subfield>
    <subfield code="d">UKMGB</subfield>
  </datafield>
  <datafield tag="041" ind1=" " ind2=" ">
    <subfield code="a">English</subfield>
  </datafield>
  <datafield tag="042" ind1=" " ind2=" ">
    <subfield code="a">pcc</subfield>
  </datafield>
  <datafield tag="043" ind1=" " ind2=" ">
    <subfield code="a">cl-----</subfield>
  </datafield>
  <datafield tag="050" ind1="0" ind2="0">
    <subfield code="a">HF5549.2.L29</subfield>
    <subfield code="b">M36 2005</subfield>
  </datafield>
  <datafield tag="245" ind1="0" ind2="0">
    <subfield code="a">Managing human resources in Latin America </subfield>
    <subfield code="b">: an agenda for international leaders </subfield>
    <subfield code="c">/ edited by Marta M. Elvira and Anabella Davila.</subfield>
  </datafield>
  <datafield tag="260" ind1=" " ind2=" ">
    <subfield code="a">London ;</subfield>
    <subfield code="a">New York :</subfield>
    <subfield code="b">Routledge, Taylor &amp; Francis Group,</subfield>
    <subfield code="c">2005.</subfield>
  </datafield>
  <datafield tag="300" ind1=" " ind2=" ">
    <subfield code="a">xxvi, 266 pages :</subfield>
    <subfield code="b">illustrations ;</subfield>
    <subfield code="c">26 cm.</subfield>
  </datafield>
  <datafield tag="490" ind1="1" ind2=" ">
    <subfield code="a">Routledge global human resource management series</subfield>
  </datafield>
  <datafield tag="504" ind1=" " ind2=" ">
    <subfield code="a">Includes bibliographical references and index.</subfield>
  </datafield>
  <datafield tag="505" ind1="0" ind2=" ">
    <subfield code="a">Understanding the Latin American cultural and economic context &#x2014; Culture and human resource management in Latin America &#x2014; Latin America: economic and business context &#x2014; Managing HR to build social capital in Latin America within MNCs &#x2014; Paternalism as a positive form of leadership in the Latin American context: leader benevolence, decision-making control and human resource management practices &#x2014; Human resource management in Latin American countries &#x2014; Human resource management in Argentina &#x2014; Human resource management in Brazil &#x2014; Human resource management in Central America and Panama &#x2014; Human resource management in Chile &#x2014; Human resource management in Colombia &#x2014; Human resource management in Mexico &#x2014; Human resource management in Peru &#x2014; Human resource management in Uruguay &#x2014; Human resource management in Venezuela &#x2014; Emergent directions for human resource management: research in Latin America.</subfield>
  </datafield>
  <datafield tag="520" ind1=" " ind2=" ">
    <subfield code="a">In addition to providing the reader with a thorough overview of the trends in HR strategies and practice and the challenges faced by HR executives in Latin America, this book also explores cultural issues critical to conducting business and understanding human resource management in this region.

Structured in two distinct parts, Davila and Elvira's comprehensive book moves from a general overview of the economic, managerial and leadership styles found in Latin America to the current status, role and importance of the HR function in a variety of country-specific chapters including Argentina, Brazil, Chile, Mexico, Central America and Panama. Expert scholars from the region and abroad highlight how regional characteristics affect HRM practices according to the particular development of each country, and country specific chapters focus on:

aspects of key institutional determinants of HRM practices (such as laws, politics, economy) &#x2014; 
the current status, role and importance of the HR function in most firms &#x2014; 
review practices including pay, staffing and labour relations &#x2014; 
trends for the near future.
Written from a Latin American perspective, and by contributors with interdisciplinary backgrounds, it features topical, original research and forms an essential component of the Global HRM series, complementing the other texts.  Using up-to-the-minute case studies, this text is invaluable reading for academics, students and practitioners of HRM, personnel management and international business alike.</subfield>
  </datafield>
  <datafield tag="583" ind1=" " ind2=" ">
    <subfield code="a">commitment to retain</subfield>
    <subfield code="c">20200626</subfield>
    <subfield code="2">pda</subfield>
    <subfield code="5">OHM</subfield>
  </datafield>
  <datafield tag="650" ind1=" " ind2="0">
    <subfield code="a">Personnel management</subfield>
    <subfield code="x">Latin America</subfield>
    <subfield code="z">Latin America.</subfield>
  </datafield>
  <datafield tag="700" ind1=" " ind2=" ">
    <subfield code="a">Elvira, Marta M.</subfield>
    <subfield code="d">1965-</subfield>
    <subfield code="9">20560</subfield>
  </datafield>
  <datafield tag="700" ind1=" " ind2=" ">
    <subfield code="a">Davila, Anabella</subfield>
    <subfield code="9">2234</subfield>
  </datafield>
  <datafield tag="830" ind1=" " ind2="0">
    <subfield code="a">Routledge global human resource management series.</subfield>
  </datafield>
  <datafield tag="942" ind1=" " ind2=" ">
    <subfield code="2">lcc</subfield>
  </datafield>
  <datafield tag="952" ind1=" " ind2=" ">
    <subfield code="0">0</subfield>
    <subfield code="1">0</subfield>
    <subfield code="2">lcc</subfield>
    <subfield code="4">0</subfield>
    <subfield code="7">0</subfield>
    <subfield code="a">TBS</subfield>
    <subfield code="b">TBS</subfield>
    <subfield code="d">2026-03-10</subfield>
    <subfield code="l">0</subfield>
    <subfield code="r">2026-03-10</subfield>
    <subfield code="t">1</subfield>
    <subfield code="w">2026-03-10</subfield>
    <subfield code="y">1</subfield>
    <subfield code="z">SOON AVAILABLE</subfield>
  </datafield>
  <datafield tag="999" ind1=" " ind2=" ">
    <subfield code="c">5409</subfield>
    <subfield code="d">5409</subfield>
  </datafield>
</record>
